La structure stratigraphique des montagnes du Menez (Côtes-du-Nord) / (Record no. 42529)

MARC details
000 -LEADER
campo de control de longitud fija 00577nam a2200157 i 4500
001 - NÚMERO DE CONTROL
campo de control 42529
003 - IDENTIFICADOR DE NÚMERO DE CONTROL
campo de control ES-MaACL
007 - CAMPO FIJO DE DESCRIPCIÓN FÍSICA--INFORMACIÓN GENERAL
campo de control de longitud fija t|
008 - DATOS DE LONGITUD FIJA--INFORMACIÓN GENERAL
campo de control de longitud fija 030404s1885 fr ||||1| fre d
100 1# - ENTRADA PRINCIPAL--NOMBRE DE PERSONA
Nombre de persona Barrois, Charles.
9 (RLIN) 26037
245 13 - MENCIÓN DEL TÍTULO
Título La structure stratigraphique des montagnes du Menez (Côtes-du-Nord) /
Mención de responsabilidad, etc. par Charles Barrois.
260 ## - PUBLICACIÓN, DISTRIBUCIÓN, ETC.
Lugar de publicación, distribución, etc. Lille :
Nombre del editor, distribuidor, etc. [s.n.,
Fecha de publicación, distribución, etc. 1885] (
Fabricante Imp. Liégeoix-Six)
300 ## - DESCRIPCIÓN FÍSICA
Extensión p. [65]-71. :
Otras características físicas il. ;
Dimensiones 23 cm.
500 ## - NOTA GENERAL
Nota general Extrait des Annales de la Société Géologique du Nord. T.XIII, p. 65, séance du 18 Novembre 1885.
852 ## - LOCALIZACIÓN
Ubicación ES-MaACL
Número de control de estantería T-910-F-5
Holdings
Estatus retirado Estado de pérdida Estado de daño No para préstamo Colección Biblioteca de origen Biblioteca actual Ubicación en estantería Fecha de adquisición Fuente de adquisición Total de préstamos Signatura topográfica completa Código de barras Visto por última vez Precio de reemplazo Tipo de ítem Koha
        Colección de folletos Biblioteca del Ateneo de Madrid Biblioteca del Ateneo de Madrid Depósito folletos 17/01/2008     T-910-F-5 1044771 23/02/2023 23/02/2023 Folleto